000 00542nam a22001697a 4500
005 20251108175355.0
008 250721s2012 xx 000 0 ara d
082 1 4 _a923.132/حما
100 1 _aراشد، محمد
245 1 0 _aملوك مصر القديمة منذ عهد ابراهيم حتى عهد موسى /
264 1 _aدمشق :
_bدار الكتاب العربي،
_c2012.
300 _a383 ص.
650 1 7 _aالملوك والحكام
650 1 7 _aتاريخ مصر القديمة
942 _2ddc
_cBK
999 _c132619
_d132619